000
00301nam a2200109Ia 4500
005
20251222154426.0
008
251222s9999||||xx |||||||||||||| ||spa||
082
_a
909/C543
100
_a
"Chenecchi, Frank Bobrowsky, Edouard Clos, Max"
245
0
_a
Personajes malditos de la historia III
942
_c
LIB
999
_c
36218
_d
36218